000 01590nam a2200445 i 4500
001 11440
003 KOSZ 005
005 20210528124743.0
008 071216s1965 pl ab |000 0 pol
015 _aUWD 1966/2330
035 _a991039013779705066
035 _a(PL-WaBN)b20438679-48omnis_nlop
035 _ab20438679
035 _a(OCoLC)749375453
035 _azz2003907811
035 _a(PL)b0000002043867
035 _a(EXLNZ-48OMNIS_NETWORK)9910456026205606
040 _aWA N
_cWA N
_dKOSZ 005/HR
046 _k1965
080 _a528.9
100 1 _aLipiński, Mieczysław
_d(1911-1991)
_eAutor
245 1 0 _aJak powstaje mapa? :
_bgeodezja dla wszystkich /
_cMieczysław Lipiński.
250 _aWyd. 4.
260 _aWarszawa :
_bPaństwowe Przedsiębiorstwo Wydawnictw Kartograficznych,
_c1965.
300 _a282 s., [4] k. tabl. :
_bil., mapy ;
_c23 cm.
336 _aTekst
_btxt
_2rdacontent
337 _aBez urządzenia pośredniczącego
_bn
_2rdamedia
338 _aWolumin
_bnc
_2rdacarrier
380 _aKsiążki
388 _a1901-2000
388 _a1945-1989
521 8 _aZatwierdzone przez Ministerstwo Oświaty do bibliotek licealnych i bibliotek techników geodezyjnych.
650 7 _aGeodezja
_2DBN
650 7 _aKartografia
_2DBN
658 _aGeografia i nauki o Ziemi
710 2 _aPaństwowe Przedsiębiorstwo Wydawnictw Kartograficznych
_4pbl
856 _uhttp://koha.tu.koszalin.pl/cgi-bin/koha/opac-detail.pl?biblionumber=11440
_yKatalog online BPK
942 _2UKD
_cKS
999 _c11440
_d11440